| 000 | 00660cam a2200169 i 4500 | ||
|---|---|---|---|
| 020 | _a9789211128666 | ||
| 040 | _cDLC | ||
| 082 | _a338 UNI 2013 A077 Or. | ||
| 245 | 0 | 0 |
_aEconomic development in Africa : _breport 2013 : intra-African trade, unlocking private sector dynamism / |
| 246 | 3 | 0 | _aIntra-African trade, unlocking private sector dynamism |
| 300 |
_aviii, 146 pages : _billustrations ; _c21 cm |
||
| 490 | 0 | _aEconomic development in Africa series, | |
| 500 | _a"United Nations publication, sales no. E.13.II.D.2"--Title page verso. | ||
| 650 | 0 | _aEconomic development | |
| 710 | 2 | _aUnited Nations Conference on Trade and Development. | |
| 942 | _cEK | ||
| 999 |
_c15516 _d15516 |
||